000 00368nam a22000977a 4500
008 180702b ||||| |||| 00| 0 eng d
100 _aBrazer, Clarence
245 _aA historical catalog of U.S. stamp essays and proofs : Postal Card Essays and Proofs
260 _aNew York
_bC.W. Brazer
_c1947
650 _aUnited States | Essays and Proofs | Postal Cards Essays and Proofs
999 _c3697
_d3697